LEADER 01141nam a2200313 i 4500 001 991001045269707536 005 20020507182214.0 008 940113s|||| it ||| | ita 035 $ab10793379-39ule_inst 035 $aLE01306186$9ExL 040 $aDip.to Matematica$beng 082 0 $a510 084 $aAMS 00A35 084 $aZDM G30 100 1 $aBazzini, Luciana$060703 245 13$aLe isometrie piane :$bmostra di materiale didattico /$cM. Ferrari, L. Bazzini, A. Pesci, M. Reggiani 260 $a180 p. ; 24 c : 490 0 $aQuaderni Progetto strategico del CNR. Tecnologie e innovazioni didattiche : innovazioni didattiche per la Matematica ;$v3 650 4$aMathematical didactis 650 4$aMethodology of mathematics 700 1 $aFerrari, Mario 700 1 $aPesci, A. 700 1 $aReggiani, M. 907 $a.b10793379$b23-02-17$c28-06-02 912 $a991001045269707536 945 $aLE013 G30 CNR11 (1988)$g1$i2013000143170$lle013$o-$pE0.00$q-$rl$s- $t0$u1$v0$w1$x0$y.i10894287$z28-06-02 996 $aIsometrie piane$9921495 997 $aUNISALENTO 998 $ale013$b01-01-94$cm$da $e-$fita$git $h3$i1 LEADER 02866oam 2200709M 450 001 9910716589003321 005 20200213070634.8 035 $a(CKB)5470000002522262 035 $a(OCoLC)1066040160 035 $a(OCoLC)995470000002522262 035 $a(EXLCZ)995470000002522262 100 $a20071213d1927 ua 0 101 0 $aeng 135 $aurcn||||||||| 181 $ctxt$2rdacontent 182 $cc$2rdamedia 183 $acr$2rdacarrier 200 10$aDisposition of Muscle Shoals. March 3, 1927. -- Referred to the House Calendar and ordered to be printed 210 1$a[Washington, D.C.] :$c[U.S. Government Printing Office],$d1927. 215 $a1 online resource (48 pages) 225 1 $aHouse report / 69th Congress, 2nd session. House ;$vno. 2303 225 1 $a[United States congressional serial set] ;$v[serial no. 8689] 300 $a(69) H.R. 16396, Bill To Provide for the Preservation, Completion, Maintenance, Operation, and Use of the United States Muscle Shoals Project for War, Navigation, Fertilizer Manufacture, Electric Power Production, and Other Purposes, and, in Connection Therewith, the Incorporation of the Farmers Federated Fertilizer Corporation, and the Lease to It of the Said Project, p. 3. 300 $a(69) H.R. 16614, Bill To Authorize and Direct the Secretary of War To Execute a Lease with Air Nitrates Corporation and American Cyanamid Company, and for Other Purposes, p. 24. 300 $aBatch processed record: Metadata reviewed, not verified. Some fields updated by batch processes. 300 $aFDLP item number not assigned. 606 $aWeapons industry 606 $aDefense industries 606 $aLetting of contracts 606 $aFertilizer industry 606 $aFertilizers 606 $aGovernment corporations 606 $aHydroelectric power plants 606 $aHydroelectric power plants$zBrazil 606 $aLeases 606 $aOrdnance 606 $aPublic contracts 606 $aWater-power 608 $aLegislative materials.$2lcgft 615 0$aWeapons industry. 615 0$aDefense industries. 615 0$aLetting of contracts. 615 0$aFertilizer industry. 615 0$aFertilizers. 615 0$aGovernment corporations. 615 0$aHydroelectric power plants. 615 0$aHydroelectric power plants 615 0$aLeases. 615 0$aOrdnance. 615 0$aPublic contracts. 615 0$aWater-power. 701 $aJames$b William Francis$f1873-1945$pRepublican (MI)$01386802 801 0$bWYU 801 1$bWYU 801 2$bOCLCO 801 2$bOCLCQ 801 2$bOCLCO 801 2$bOCLCQ 906 $aBOOK 912 $a9910716589003321 996 $aDisposition of Muscle Shoals. March 3, 1927. -- Referred to the House Calendar and ordered to be printed$93487482 997 $aUNINA